000 00728nam a2200205Ii 4500
003 JO-AjNU
008 230605s9999||||xx |||||||||||||| ||und||
040 _aJO-AjNU
_bara
_erda
_cJO-AjNU
041 _aara
050 1 4 _aPJ7860.J89 1985
100 3 _aتأليف الجوزو، مصطفى,
_eauthor
_941699
245 0 0 _aمصطفى صادق الرافعي: رائد الرمزية العربية المطلة على السوريالية
250 _aط1
264 3 1 _aبيروت:دار الأندلس،1985
300 _a379ص
336 _atext
_btxt
_2rdacontent
337 _aunmediated
_bn
_2rdamedia
338 _avolume
_bnc
_2rdacarrier
650 4 _aالأدب العربي - تاريخ ونقد - تراجم
_941700
999 _aA17800
_c21368
_d21368